00543nam a2200169Ia 4500003000900000008004100009020001800050040001600068080002300084100001600107245010500123260003700228300001500265650004100280650002700321650002500348IN-BaIIA211028s9999 xx 000 0 eng d a0-7923-2919-8 cIIA Library a52(082.1)bASS-191 aSomov, B. V 0aFundamentals of cosmic electrodynamicscB. V. Somov  aDordrechtbKluwer Academicc1994 axii, 364p. aAstronomy and astrophysics thesaurus aCosmic electrodynamics aMagnetohydrodynamics